00400nam a2200121Ia 4500008004100000041000800041100001700049245004100066260003500107650001500142999001900157952010200176231219s9999 xx 000 0 und d aeng aRamachandran aManaging A New Business Successfully bGlobal Business Press Delhi95  aManagement c976847d976847 00104070aMCMbMCMd2023-12-21g175.00l0pMCM-56BB0002646r2023-12-21 00:00:00w2023-12-21yBK